Qui régnait ? - Statistiques

Statistiques générales
  • Ce quiz a été pris 34 fois
  • Le résultat moyen est 9 sur 13
Statistiques - réponses
Hint Réponse % Correct
1912 / Russie Nicolas II
92%
486 / Royaume Franc Clovis Ier
88%
1838 / Royaume-Uni Victoria
88%
1803 / États Pontificaux Pie VII
83%
1193 /Royaume d'Angleterre Richard Cœur de Lion
83%
987 / Francie Hugues Capet
79%
1527 / Saint-Empire Germanique Charles Quint
75%
1708 / Royaume d'Espagne Philippe V
67%
1740 / Royaume du Portugal Joseph Ier
63%
1219 /Royaume de France Philippe Auguste
63%
1538 / Écosse Jacques V
54%
1895 / Italie Humbert 1er
42%
1716 / Royaume de Suède Charles XII
33%
Aucun quiz correspondant
Distribution des résultats
% des personnes avec chaque résultat
Percentile par nombre de réponses
Votre historique - résultats
Vous n’avez pas pris ce quiz